AB ve Türkiye'de güncel konular ve gelişmelere dair değerlendirmeler (Record no. 5633)

MARC details
000 -BAŞLIK
Sabit Uzunlukta Kontrol Alanı 00777na a2200241 4500
001 - KONTROL NUMARASI
Denetim Alanı 18669
003 - KONTROL NUMARASI IDENTIFIER
Denetim Alanı MIRAKIL
005 - SON İŞLEM TARİHİ VE ZAMANI
Denetim Alanı 20181213155042.0
008 - SABİT-BOY VERİ ELEMANLARI - GENEL BİLGİLER
Sabit Uzunlukta Kontrol Alanı 161124b tu 000 0
020 ## - ULUSLARARASI STANDART KİTAP NUMARASI
Uluslararası Standart Kitap Numarası 9786055984489
040 ## - KATALOGLAMA KAYNAK
Orijinal Kataloglama Ajansı Milas
Kataloglama Dili tur
Metne Dönüştürmek Ajansı TR-AnCHP
041 ## - DİL KODU
Metin / Ses Parça Veya Ayrı Başlığın Dil Kodu tur
082 ## - DEWEY ONLU SINIFLANDIRMA NUMARASI
Sınıflandırma Numarası 337.142
Ürün Numarası A1 2012
090 ## - SINIFLAMA NUMARASI
Sınıflama Numarası 337.142 A1 2012
245 ## - BAŞLIK TABLOSU
Başlık AB ve Türkiye'de güncel konular ve gelişmelere dair değerlendirmeler
Başlığın Kalan 2010-2011
Sorumluluk Tablosu, Vb Yayına hazırlayan Damla Cihangir
260 ## - YAYIN, DAĞITIM, VB
Yayın, Dağıtım, Vb Yeri İstanbul
Yayıncı, Dağıtıcı, Vs Adı İKV
Yayın, Dağıtım, Vb Tarihi 2012
300 ## - FİZİKSEL TANIM
Kapsam 312 s.
Diğer Fiziksel Ayrıntıları tbl.; grf.
Boyutlar 24 sm.
490 ## - SERİSİ TABLOSU
Seri Beyanı İktisadi Kalkınma Vakfı Yayınları,
Hacim / Ardışık Tanımı 255
650 ## - KONU KATMA GİRİŞ - TOPİKAL DÖNEM
Topikal Süreli Veya Coğrafi Ad Giriş Elemanı Avrupa Birliği
Genel Alt Bölümü Üyelik
Kronolojik Alt Bölümü Değerlendirmeler
651 ## - KONU KATMA GİRİŞ - COĞRAFİ ADI
Coğrafi İsim Türkiye
Genel Alt Bölümü Uluslararası ilişkiler
Kronolojik Alt Bölümü AB
700 ## - KATMA GİRİŞ - KİŞİSEL İSİM
Kişisel Ad Cihangir, Damla
942 ## - EKLENDİ GİRİŞ ELEMANLARI (KOHA)
Sınıflandırma Veya Raf Düzeni Kaynak
Koha Öğesi Türü Books
999 ## - SİSTEM KONTROL NUMARALARI (KOHA)
Koha Biblionumber 5633
Koha Biblioitemnumber 5633
Holdings
Kalıcı Konum Mevcut Konum Edinme Tarihi Edinim Kaynak Toplam Check-Out'Lar Tam Çağrı Numarası Barkod Tarih Son Görülme İtibaren Geçerli Fiyatlar Koha Öğesi Türü
CHP Kütüphanesi CHP Kütüphanesi 11/24/2016 Bağış   337.142 A1 2012 008864 11/24/2016 11/24/2016 Books